|
|
|
|
| LEADER |
00622cam a2200193 a 4500 |
| 001 |
0000054751 |
| 005 |
20010704090000.0 |
| 040 |
|
|
|a mod
|
| 041 |
|
|
|a eng
|
| 020 |
0 |
0 |
|a 1901289095
|
| 090 |
0 |
0 |
|a 641.59295
|b ULT
|c f
|
| 245 |
0 |
4 |
|a The ultimate Chinese & Asian cookbook
|b enticing stir-fries and sensational aromatic dishes from the east
|c consultant editor Linda Doeser
|
| 260 |
0 |
0 |
|a London
|b Hermes House
|c 1997
|
| 300 |
0 |
0 |
|a 512p.
|b ill.
|c 30cm
|
| 650 |
0 |
0 |
|a Cookery, Asian
|
| 650 |
0 |
0 |
|a Cookery, Chinese
|
| 700 |
1 |
1 |
|a Doeser
|h Linda
|
| 852 |
0 |
0 |
|a 01
|
| 999 |
|
|
|a 0171945
|b KEMENTAH
|d BOOKS
|e Rujukan
|f Perpustakaan KEMENTAH
|j AVAILABLE
|q GOOD CONDITION
|